000 00848nas a2200253 4500
001 BR9202906
003 BR-BrBNA
005 20231205092557.0
007 ta
008 230509b bl.|||p| |||| 00| 00por d
040 _aBR-BrBNA
_bpor
_cBiblioteca Nacional de Agricultura
041 _a(Pt)
072 _aP32
100 1 _aSouza, R.S. de
100 1 _aMenezes, S. de O.
245 1 _aPetrografia do arenito de Itaipuacu, Marica, estado do Rio de Janeiro
246 1 _aBeachrock petrography of Itaipuacu beach from Marica, state of Rio de Janeiro, Brazil
650 _aAREIA
650 _aROCHA
650 _aRIO DE JANEIRO
773 0 _tArquivos da Universidade Federal Rural do Rio de Janeiro (Brazil)
_xISSN 0100-2481
_g(Jan-Jun 1990), v. 13(1) p. 1-10
_wBR9202906
909 _a202311
_bLúcia
_c55
_dLúcia Elande
942 _2AGRIS
_n0
_cANA
999 _c132609
_d132609